000 00818nam a22002297a 4500
999 _c12893
_d12893
003 AR-CdUCM
008 190410b ||||| |||| 00| 0 spa d
040 _aMUNICIPALIDAD PROVINCIAL DEL CUSCO
_cBIBLIOTECA MUNICIPAL DEL CUSCO
082 _a338.973 /
_bG18
100 _aGalbraith, J. K.
_931001
245 _aEl crac del 29 /
260 _aBarcelona :
_bSeix barral,
_c1965.
300 _a237 páginas ;
_c19 cm.
440 _aCiencias humanas biblioteca breve
_931002
505 _aContenido : Introducción -- Un año digno de recordarse -- Ilusión, esperanza ilimitada y optimismo -- ¿Era necesario hacer algo? ...
650 _aSociales
_928612
650 _aSociedad
_953
650 _aEspañola
_924066
700 _aAbad, Ángel (Traductor)
_931003
942 _2ddc
_cLIBROS
945 _arah
_d10/04/2019